| 000 | 01370cam a2200313 a 4500 | ||
|---|---|---|---|
| 001 | 14734075 | ||
| 005 | 20221130093541.0 | ||
| 008 | 070214s2007 gw a b 001 0 eng | ||
| 010 | _a 2007922924 | ||
| 020 | _a9783540680000 (hardcover : alk. paper) | ||
| 040 |
_aDLC _cDLC _dDLC |
||
| 050 | 0 | 0 |
_aQC173.59.S65 _bZ38 2007 |
| 082 | 0 | 0 |
_a530.11,ZEH _222 |
| 100 | 1 |
_aZeh, H. D. _q(Heinz Dieter), _d1932- _9103805 |
|
| 245 | 1 | 4 |
_aThe physical basis of the direction of time / _cH. Dieter Zeh. |
| 250 | _a5th ed. | ||
| 260 |
_aBerlin ; _aNew York : _bSpringer, _cc2007. |
||
| 300 |
_aviii, 231 p. : _bill. ; _c24 cm. |
||
| 490 | 0 |
_aFrontiers collection, _x1612-3018 |
|
| 505 | _aIntroduction (Page-1), The Physical Concept of Time (Page-11), The Time Arrow of Radiation (Page-17), The Thermodynamical Arrow of Time (Page-39), The Quantum Machanical Arrow of Time (Page-85), The Time Arrow of Spacetime Geometry (Page-135), The Time Arrow in Quantum Cosmology (Page-171). | ||
| 650 | 0 |
_aSpace and time. _932384 |
|
| 650 | 0 |
_aTime. _911242 |
|
| 650 | 0 |
_aPhysics _xPhilosophy. _911437 |
|
| 650 | 0 | _aThermodynamics. | |
| 856 | 4 | 1 |
_3Table of contents only _uhttp://www.loc.gov/catdir/toc/fy0714/2007922924.html |
| 906 |
_a7 _bcbc _corignew _d2 _eepcn _f20 _gy-gencatlg |
||
| 942 |
_2ddc _cBK _k530.11,ZEH |
||
| 999 |
_c592540 _d592540 |
||